00358nam a22001457a 4500003000400000008004100004020001800045082001600063100001900079245002700098250001200125260004600137300001100183700001800194OSt251117b |||||||| |||| 00| 0 eng d a9780521809269 a621.38bHOA aHOROWITZ, Paul aThe Art of Electronics a3rd Ed. aN.DelhibCambridge University Pressc2024 a1230 p aHILL,Winfield